| 000 | 01552nam a2200373Ia 4500 | ||
|---|---|---|---|
| 001 | ebr10597636 | ||
| 003 | CaPaEBR | ||
| 006 | m u | ||
| 007 | cr cn||||||||| | ||
| 008 | 970606s1998 gw a sb 001 0 eng d | ||
| 010 | _z 97023313 | ||
| 020 | _z3110147963 (cloth : alk. paper) | ||
| 020 | _z9783110147964 | ||
| 020 | _z9783110893083 | ||
| 040 |
_aCaPaEBR _cCaPaEBR |
||
| 035 | _a(OCoLC)811407679 | ||
| 050 | 1 | 4 |
_aPE3442.L5 _bB74 1998eb |
| 082 | 0 | 4 |
_a306.44/096662 _221 |
| 100 | 1 |
_aBreitborde, Lawrence B. _q(Lawrence Bart) |
|
| 245 | 1 | 0 |
_aSpeaking and social identity _h[electronic resource] : _bEnglish in the lives of urban Africans / _cby Lawrence B. Breitborde. |
| 260 |
_aBerlin ; _aNew York : _bMouton de Gruyter, _c1998. |
||
| 300 |
_axii, 227 p. : _bill. |
||
| 490 | 0 |
_aStudies in anthropological linguistics ; _v11 |
|
| 504 | _aIncludes bibliographical references (p. [209]-223) and index. | ||
| 533 |
_aElectronic reproduction. _bPalo Alto, Calif. : _cebrary, _d2011. _nAvailable via World Wide Web. _nAccess may be limited to ebrary affiliated libraries. |
||
| 650 | 0 |
_aEnglish language _xSocial aspects _zLiberia. |
|
| 650 | 0 |
_aEnglish language _xSpoken English _zLiberia. |
|
| 650 | 0 |
_aSpeech and social status _zLiberia. |
|
| 650 | 0 |
_aLanguages in contact _zLiberia. |
|
| 650 | 0 |
_aUrban dialects _zLiberia. |
|
| 655 | 7 |
_aElectronic books. _2local |
|
| 710 | 2 | _aebrary, Inc. | |
| 856 | 4 | 0 |
_uhttp://site.ebrary.com/lib/rucke/Doc?id=10597636 _zAn electronic book accessible through the World Wide Web; click to view |
| 999 |
_c213116 _d213116 |
||